• Jacques Maritain

di Personal Name

Records bibliografici associati: 3

001 - CONTROL NUMBER

  • control field: 28075

003 - CONTROL NUMBER IDENTIFIER

  • control field: IT-RoPau

005 - DATE AND TIME OF LATEST TRANSACTION

  • control field: 20140530172939.0

008 - FIXED-LENGTH DATA ELEMENTS

  • fixed length control field: 140530|| aca||aabn | a|a d

040 ## - CATALOGING SOURCE

  • Original cataloging agency: IT-RoPau
  • Transcribing agency: IT-RoPau

100 ## - HEADING--PERSONAL NAME

  • Personal name: Jacques Maritain

670 ## - SOURCE DATA FOUND

  • Source citation: Work cat.: (IT-RoPau)17533: Jacques Maritain, Dio e la permissione del male. - Distinguere per unire. I gradi del sapere. - La filosofia della natura. - Il filosofo nella società. - La responsabilità dell’artista. - Religione e cultura. - Tre riformatori: Lutero, Cartesio, Rousseau., 2000, sesta edizione
CREDITS: SOCIETA' SAN PAOLO Via A.Severo, 58 - ROMA (RM) & PERIODICI SAN PAOLO SRL Via Giotto, 36 MILANO & CISF Via Giotto, 36 MILANO & EDIZIONI SAN PAOLO SRL,  Piazza Soncino, 5 CINISELLO BALSAMO (MI) -- ITALY